"N" Countries - World Map Sudden Death - Statistics

General Stats
  • This quiz has been taken 693 times
  • The average score is 6 of 9
Answers on the Grid
Answers color-coded by a green-red scale on the quiz's grid according to % correct below.
 
Answer Stats
Answer % Correct
Niger, Nigeria
78%
Netherlands, Norway
75%
Nicaragua
74%
Namibia
65%
North Macedonia
60%
North Korea
59%
New Zealand
57%
Nepal
56%
Nauru
31%
No matching quizzes found
Score Distribution
Percent of People with Each Score
Percentile by Number Answered
Your Score History
You have not taken this quiz